000 00261nam a2200109 a 4500
001 4140
005 20140414131939.0
008 090218s19uu xx 00 eng d
050 _aTR 372.4
_bR22 2006
245 _aReader rabbit :
_brhyming words.
999 _c112555
_d112555